01012cam a2200253 a 4500003001000000005001700010007000300027008004100030040002200071041000800093082002600101100003200127245017900159250002200338300002900360336002900389337003300418338002800451650006200479650005600541650008100597650004400678710003600722CO-BoRNBP20241001085944.0ta020616s2002 ck a r 00110 spa d ala clabspaerda0 aspa04a371.911 bM17 27 ed.1 aCastillo, Elsa Marcela del.10aMaterial didáctico para estudiantes con limitación visual : bsugerencias prácticas para su elaboración o adaptación / cElsa Marcela del Castillo, Marta E. Castro. aPrimera edición a24 p. : bil. ; c22 cm. 2rdacontenidoatextobtxt 2rdamedioasin mediaciónbn 2rdasoporteavolumenbnc 7aEducación de ciegosv Materiales didácticos.2BLAAUTO 7aEducación de niños con discapacidades.2BLAAUTO 7aPersonas con daño visualx Educaciónv Materiales didácticos.2BLAAUTO 7aMaestros de ciegosv Manuales.2BLAAUTO2 aInstituto Nacional para Ciegos.